[Event "Druzynowe Mistrzostwa Polski Ekstraliga"]
[Site "Gorzow Wlkp. - Wroclaw - Katowice"]
[Date "1899-12-30"]
[Round "8.29"]
[White "Barski, Radoslaw"]
[Black "Wieczorek, Oskar"]
[Result "1/2-1/2"]
[WhiteTitle "k++"]
[BlackTitle "IM"]
[WhiteElo "2412"]
[BlackElo "2458"]

1. e4 c5 2. Nf3 g6 3. d4 cxd4 4. Nxd4 Nf6 5. Nc3 d6 6. Be2 Bg7 7. O-O O-O 8. Re1
Nc6 9. Nb3 Be6 10. Bf1 a5 11. a4 d5 12. Nc5 Bg4 13. Be2 Bxe2 14. Qxe2 dxe4 15.
N3xe4 Nd4 16. Qd1 Nxe4 17. Nxe4 f5 18. c3 fxe4 19. cxd4 Qxd4 20. Qb3+ Kh8 21.
Be3 Qxb2 22. Qd5 Qb4 23. Rab1 Qxa4 24. Rxb7 Rfd8 25. Qe6 Rd1 26. Rb1 Rxe1+ 27.
Rxe1 Qb4 28. Rc1 Rd8 29. h4 a4 30. Rc8 Qb1+ 31. Kh2 Qd3 32. Bb6 Rf8 33. Rxf8+
Bxf8 34. Bc7 Qc2 35. Qc8 Kg8 36. Qe6+ Kh8 37. Qc8 1/2-1/2

[Event "Druzynowe Mistrzostwa Polski Ekstraliga"]
[Site "Gorzow Wlkp. - Wroclaw - Katowice"]
[Date "1899-12-30"]
[Round "8.30"]
[White "Zawadzka, Jolanta"]
[Black "Leks, Maria"]
[Result "0-1"]
[WhiteTitle "WGM"]
[BlackTitle "WCM"]
[WhiteElo "2419"]
[BlackElo "2129"]

1. e4 e5 2. Nf3 Nc6 3. Bb5 a6 4. Ba4 Nf6 5. O-O Be7 6. Re1 b5 7. Bb3 d6 8. c3 O-O
9. h3 Nb8 10. d4 Nbd7 11. c4 exd4 12. cxb5 axb5 13. Nxd4 Bb7 14. Bc2 Nc5 15. Nf5
Re8 16. b4 Ne6 17. Qd3 Bxe4 18. Qd2 Bxc2 19. Qxc2 Bf8 20. Rd1 Nh5 21. Nc3 Qf6
22. Rb1 Qg6 23. Nd5 c6 24. Nde3 d5 25. Rb3 Rad8 26. Ng4 Nef4 27. Rf3 Re4 28. Nfe3
d4 29. g3 Nxh3+ 30. Kf1 Rxg4 31. Nf5 Ng5 32. Bxg5 Rxg5 33. Qe4 Nf6 34. Qe5 Rd5
35. Ne7+ Bxe7 36. Qxe7 Rge5 37. Qc7 Qc2 38. Rfd3 Re8 39. Kg2 Ne4 40. Qf4 Nf6 41.
R1d2 Qc4 0-1

[Event "Druzynowe Mistrzostwa Polski Ekstraliga"]
[Site "Gorzow Wlkp. - Wroclaw - Katowice"]
[Date "1899-12-30"]
[Round "9.1"]
[White "Bartel, Mateusz"]
[Black "Mista, Aleksander"]
[Result "1-0"]
[WhiteTitle "GM"]
[BlackTitle "GM"]
[WhiteElo "2637"]
[BlackElo "2606"]

1. d4 Nf6 2. Bg5 d5 3. e3 c6 4. Bd3 Qb6 5. Nd2 Nbd7 6. Ngf3 h6 7. Bf4 g5 8. Bg3
Nh5 9. Be5 Nhf6 10. c4 Bg7 11. c5 Qxb2 12. Bc7 Qa3 13. Qc2 b5 14. O-O O-O 15.
Nb3 a5 16. Nfd2 b4 17. Nb1 Qa4 18. a3 Ba6 19. Bxa6 Rxa6 20. axb4 Qxb4 21. Nxa5
Nxc5 22. Nd2 Nce4 23. Nxe4 Nxe4 24. Nxc6 Rxc6 25. Qxc6 e6 26. Ra2 Qb3 27. Qc2
Qxc2 28. Rxc2 Ra8 29. f3 Nf6 30. Be5 Ra3 31. Rb1 Rxe3 32. Rb7 Rxe5 33. Rc8+ Kh7
34. dxe5 1-0

[Event "Druzynowe Mistrzostwa Polski Ekstraliga"]
[Site "Gorzow Wlkp. - Wroclaw - Katowice"]
[Date "1899-12-30"]
[Round "9.2"]
[White "Kempinski, Robert"]
[Black "Mastrovasilis, Dimitrios"]
[Result "0-1"]
[WhiteTitle "GM"]
[BlackTitle "GM"]
[WhiteElo "2586"]
[BlackElo "2580"]

1. d4 d5 2. c4 e6 3. Nf3 Nf6 4. Nc3 a6 5. cxd5 exd5 6. Qb3 c5 7. dxc5 Bxc5 8. Bg5
d4 9. Bxf6 Qxf6 10. Ne4 Qb6 11. Nxc5 Qxc5 12. Qa3 Qxa3 13. bxa3 Nc6 14. O-O-O
Be6 15. Nxd4 Nxd4 16. Rxd4 Ke7 17. e3 Rhd8 18. Rxd8 Rxd8 19. Be2 Bxa2 20. Kc2
Rc8+ 21. Kb2 Bd5 22. f3 Rc6 23. Rd1 Rb6+ 24. Kc1 Be6 25. Rd4 Rb3 26. Rb4 Kd6 27.
Kd2 Kc5 28. Ra4 Rb2+ 29. Ke1 b6 30. Rh4 h6 31. Rh5+ Kc6 32. a4 a5 33. g4 f6 34.
h4 Bf7 35. Rf5 Be6 36. Rh5 Bf7 37. Rf5 Bg6 38. Bb5+ Kd6 39. Rf4 Rb4 40. Rxb4 axb4
41. Kd2 Bf7 42. Kd3 Kc5 43. f4 g5 44. hxg5 hxg5 45. Kd2 Be6 46. Be2 Bd7 47. Bd1
Kc4 48. Be2+ Kb3 49. fxg5 fxg5 50. e4 Be6 51. e5 Ka2 52. Bd3 b3 0-1

[Event "Druzynowe Mistrzostwa Polski Ekstraliga"]
[Site "Gorzow Wlkp. - Wroclaw - Katowice"]
[Date "1899-12-30"]
[Round "9.4"]
[White "Kriebel, Tadeas"]
[Black "Moranda, Wojciech"]
[Result "1-0"]
[WhiteTitle "IM"]
[BlackTitle "GM"]
[WhiteElo "2473"]
[BlackElo "2595"]

1. e4 c5 2. Nf3 d6 3. d4 cxd4 4. Nxd4 Nf6 5. Nc3 a6 6. Be3 e6 7. Be2 Nbd7 8. g4
h6 9. Qd2 b5 10. a3 Bb7 11. f3 d5 12. exd5 Bxd5 13. O-O-O Bb7 14. Nb3 Rc8 15.
Rhe1 Be7 16. h4 Nd5 17. Nxd5 Bxd5 18. Nd4 Bxh4 19. Rh1 g6 20. Kb1 Bf6 21. Bxh6
Qc7 22. c3 Rg8 23. Bf4 Qc5 24. Be3 Qc7 25. Rhe1 Nb6 26. Bxb5+ axb5 27. Nxb5 Qd7
28. Bxb6 Be7 29. a4 Qc6 30. Qd4 Qb7 31. Qxd5 1-0

[Event "Druzynowe Mistrzostwa Polski Ekstraliga"]
[Site "Gorzow Wlkp. - Wroclaw - Katowice"]
[Date "1899-12-30"]
[Round "9.5"]
[White "Wieczorek, Oskar"]
[Black "Sieciechowicz, Marcin"]
[Result "1-0"]
[WhiteTitle "IM"]
[BlackTitle "IM"]
[WhiteElo "2458"]
[BlackElo "2409"]

1. e4 c5 2. Nf3 d6 3. d4 cxd4 4. Nxd4 Nf6 5. Nc3 a6 6. Be3 e5 7. Nb3 Be6 8. h3
Be7 9. f4 exf4 10. Bxf4 Nc6 11. Qe2 O-O 12. O-O-O Qc7 13. g4 Rac8 14. Kb1 Ne5
15. g5 Nfd7 16. Nd4 b5 17. Nd5 Bxd5 18. exd5 Rfe8 19. Qf2 Bf8 20. Bg2 Qc5 21.
Rhf1 Nc4 22. Bc1 Nde5 23. Nc6 Qxf2 24. Rxf2 g6 25. Rdf1 Rc7 26. b3 Nb6 27. Bd2
Rb7 28. Ba5 Bg7 29. Re2 Nbd7 30. h4 Nb6 31. c3 Nc8 32. Kc2 Nb6 33. Rf4 Nbd7 34.
Bb4 Bf8 35. Ref2 Rc7 36. Ba5 Rb7 37. Nd8 Rb8 38. Nxf7 Nxf7 39. Rxf7 Ne5 40. R7f4
Rb7 41. Bh3 Be7 42. Be6+ Kh8 43. c4 b4 44. Re4 Bd8 45. Bxd8 Rxd8 46. Rxe5 dxe5
47. Kd3 Rc7 48. Ke4 Kg7 49. Kxe5 h6 50. Kd4 hxg5 51. hxg5 Rc6 52. Rf7+ Kh8 53.
Rd7 Rxd7 54. Bxd7 Rc7 55. Be6 Kg7 56. d6 1-0

[Event "Druzynowe Mistrzostwa Polski Ekstraliga"]
[Site "Gorzow Wlkp. - Wroclaw - Katowice"]
[Date "1899-12-30"]
[Round "9.6"]
[White "Sliwicka, Alicja"]
[Black "Zawadzka, Jolanta"]
[Result "0-1"]
[WhiteTitle "WFM"]
[BlackTitle "WGM"]
[WhiteElo "2178"]
[BlackElo "2419"]

1. e4 c5 2. c4 Nc6 3. Ne2 Nf6 4. Nbc3 e6 5. d4 d5 6. exd5 exd5 7. Bg5 Be7 8. cxd5
Nxd5 9. Bxe7 Ncxe7 10. dxc5 O-O 11. Qd2 Be6 12. Nd4 Qc7 13. Nxe6 fxe6 14. Bd3
Rad8 15. Be4 Qe5 16. Qe2 Nf4 17. Qb5 Nd3+ 18. Kf1 Rxf2+ 19. Kg1 Rxb2 20. Qa4 Qxc5+
0-1

[Event "Druzynowe Mistrzostwa Polski Ekstraliga"]
[Site "Gorzow Wlkp. - Wroclaw - Katowice"]
[Date "1899-12-30"]
[Round "9.7"]
[White "Jakubowski, Krzysztof"]
[Black "Klekowski, Maciej"]
[Result "0-1"]
[WhiteTitle "GM"]
[BlackTitle "IM"]
[WhiteElo "2530"]
[BlackElo "2473"]

1. e4 e5 2. Nc3 Nf6 3. g3 Nc6 4. Bg2 Bc5 5. d3 d6 6. Na4 Bb6 7. Nxb6 axb6 8. Ne2
d5 9. Bd2 Be6 10. f4 dxe4 11. dxe4 exf4 12. gxf4 Bg4 13. h3 Bh5 14. Bc3 Qe7 15.
Qd3 Bxe2 16. Qxe2 O-O-O 17. O-O Rhe8 18. e5 Nd5 19. Be1 Kb8 20. Kh1 g5 21. fxg5
Qxg5 22. Bd2 Qg6 23. c4 Rxe5 24. Qf2 Nde7 25. Bf4 Rc5 26. b3 Rd3 27. Rae1 Rf5
28. Re3 Rxe3 29. Qxe3 Qe6 30. Qg3 Qd7 31. Bf3 Nd4 32. Bg4 Qc6+ 33. Kh2 Ra5 34.
a4 h5 35. Bd1 Ng6 36. Bc1 h4 37. Qd3 Qd6+ 38. Kh1 Re5 39. Rxf7 Re1+ 40. Rf1 Ne5
0-1

[Event "Druzynowe Mistrzostwa Polski Ekstraliga"]
[Site "Gorzow Wlkp. - Wroclaw - Katowice"]
[Date "1899-12-30"]
[Round "9.8"]
[White "Matuszewski, Michal"]
[Black "Cvek, Robert"]
[Result "1-0"]
[WhiteTitle "IM"]
[BlackTitle "GM"]
[WhiteElo "2485"]
[BlackElo "2522"]

1. d4 d5 2. Bf4 Nf6 3. e3 g6 4. c4 Bg7 5. Nc3 O-O 6. Nf3 c5 7. dxc5 Qa5 8. Rc1
dxc4 9. Bxc4 Qxc5 10. Bb3 Nc6 11. O-O Qa5 12. Qe2 Bf5 13. h3 Ne4 14. Nd5 e5 15.
Rxc6 bxc6 16. Ne7+ Kh8 17. Nxc6 Qb6 18. Ncxe5 Be6 19. Nd4 Bxb3 20. axb3 Qb7 21.
Rd1 Rae8 22. Nec6 Rc8 23. Ne5 Rce8 24. Nc4 Rd8 25. Be5 Bxe5 26. Nxe5 Nf6 27. Nec6
Rd6 28. Na5 Qe4 29. Qb5 Re8 30. b4 Qd5 31. Qxd5 Rxd5 32. Ra1 Rd7 33. Nc4 Nd5 34.
b5 Nb6 35. b3 Kg7 36. Nc6 Nc8 37. g4 Rb7 38. Nd4 Rd8 39. Ra6 Nb6 40. Nc6 Rd1+
41. Kg2 Nxc4 42. bxc4 Rc1 43. Ra4 Rc7 44. Na5 Rc2 45. Kf3 f5 46. gxf5 gxf5 47.
Nc6 Kf6 48. Nxa7 R7xc4 49. Ra6+ Kg5 50. Nc6 Re4 51. Nd8 h5 52. Nf7+ Kh4 53. Nd6
Re5 54. Kg2 Rd5 55. Nf7 Rc4 56. b6 Rb4 57. b7 Rdb5 58. b8=Q Rxb8 59. Ne5 Rg8+
60. Kh2 Rf4 61. Ra4 Rgg4 62. Rxf4 Rxf4 63. Ng6+ 1-0

[Event "Druzynowe Mistrzostwa Polski Ekstraliga"]
[Site "Gorzow Wlkp. - Wroclaw - Katowice"]
[Date "1899-12-30"]
[Round "9.9"]
[White "Krzyzanowski, Marcin"]
[Black "Leniart, Arkadiusz"]
[Result "0-1"]
[WhiteTitle "IM"]
[BlackTitle "IM"]
[WhiteElo "2457"]
[BlackElo "2479"]

1. e4 e6 2. d4 d5 3. Nc3 Nf6 4. Bg5 Bb4 5. e5 h6 6. Be3 Ne4 7. Qg4 g6 8. Bd3 Nxc3
9. Bd2 Na4 10. Bxb4 Nxb2 11. h4 Nc6 12. Bb5 Bd7 13. Ba3 Nc4 14. Bxc4 dxc4 15.
Ne2 Ne7 16. h5 g5 17. f4 Nf5 18. Ng3 Bc6 19. Nxf5 exf5 20. Qxf5 Qxd4 21. Qf6 Qe4+
22. Kd1 Rd8+ 23. Kc1 Qxf4+ 24. Qxf4 gxf4 25. Rf1 Rd4 26. Bc5 Re4 27. Kd2 Rg8 28.
Rf2 Rg3 29. Re1 c3+ 30. Kd1 Rc4 31. Ba3 Ra4 0-1

[Event "Druzynowe Mistrzostwa Polski Ekstraliga"]
[Site "Gorzow Wlkp. - Wroclaw - Katowice"]
[Date "1899-12-30"]
[Round "9.10"]
[White "Mikrut, Dariusz"]
[Black "Polok, Kacper"]
[Result "1/2-1/2"]
[WhiteTitle "IM"]
[BlackTitle "FM"]
[WhiteElo "2406"]
[BlackElo "2280"]

1. d4 Nf6 2. Nc3 e6 3. a3 d5 4. Bf4 c5 5. e3 a6 6. Nf3 Nbd7 7. Bd3 Be7 8. h3 O-O
9. O-O b5 10. dxc5 Nxc5 11. b4 Nce4 12. Ne2 Bb7 13. Qb1 Nd7 14. a4 Bf6 15. Ra3
e5 16. Bh2 Nd6 17. Nd2 Nb6 18. c3 e4 19. Bc2 Ndc4 20. Nxc4 Nxc4 21. Qa2 Nxa3 22.
Qxa3 bxa4 23. Bxa4 Qb6 24. Rd1 a5 25. b5 Rac8 26. Nd4 Bxd4 27. Rxd4 Rc5 28. Rd2
f6 29. Rc2 Rfc8 30. Bg3 Rc4 31. Bb3 Qc5 32. Qa2 Qxb5 33. Bxc4 Rxc4 34. Rb2 Qa6
35. Qb1 Bc8 36. Rb6 Rb4 37. Qxb4 axb4 38. Rxa6 Bxa6 39. cxb4 Kf7 1/2-1/2

[Event "Druzynowe Mistrzostwa Polski Ekstraliga"]
[Site "Gorzow Wlkp. - Wroclaw - Katowice"]
[Date "1899-12-30"]
[Round "9.11"]
[White "Orzechowski, Jacek"]
[Black "Barski, Radoslaw"]
[Result "0-1"]
[WhiteTitle "m"]
[BlackTitle "k++"]
[WhiteElo "2087"]
[BlackElo "2412"]

1. c4 c5 2. Nf3 Nc6 3. d4 cxd4 4. Nxd4 g6 5. g3 Bg7 6. Nc2 Nf6 7. Bg2 O-O 8. O-O
d6 9. Nc3 Be6 10. b3 Nd7 11. Bd2 a5 12. Rb1 Nc5 13. Ne3 Bd7 14. Be1 Nd4 15. Ned5
e6 16. e3 Nf5 17. Nf4 Qb6 18. e4 Nd4 19. Bd2 e5 20. Nfd5 Qd8 21. Be3 f5 22. f4
Be6 23. fxe5 dxe5 24. Qd2 Rf7 25. Rbe1 Ra6 26. Bg5 Qd7 27. exf5 gxf5 28. Ne2 Nxe2+
29. Rxe2 e4 30. Nf4 a4 31. Nxe6 Qxe6 32. b4 Rd6 33. Qc2 Nd3 34. a3 Rd4 35. c5
Qb3 36. Qa2 Rc4 37. Bh3 Bb2 38. Qxb3 axb3 39. Bxf5 Bd4+ 40. Kg2 Rxf5 41. Rxf5
b2 42. Bh6 Bg7 43. Bxg7 Kxg7 44. Rf1 Rc1 45. Rxb2 Rxf1 46. Re2 Re1 47. Rxe1 Nxe1+
48. Kf2 Nc2 49. b5 e3+ 50. Ke2 Nd4+ 51. Kxe3 Nxb5 52. a4 Nc7 53. Kd4 Kf6 54. a5
Ke6 55. c6 bxc6 56. Kc5 Kd7 57. g4 Ne6+ 58. Kb6 Kd6 59. a6 c5 60. a7 Nc7 61. Ka5
Kd5 62. h4 c4 63. Kb4 Kd4 64. g5 c3 65. h5 c2 0-1

[Event "Druzynowe Mistrzostwa Polski Ekstraliga"]
[Site "Gorzow Wlkp. - Wroclaw - Katowice"]
[Date "1899-12-30"]
[Round "9.12"]
[White "Leks, Maria"]
[Black "Zemlickova, Olena"]
[Result "1-0"]
[WhiteTitle "WCM"]
[BlackTitle "WIM"]
[WhiteElo "2129"]
[BlackElo "2066"]

1. e4 e5 2. Nf3 Nc6 3. Bc4 Bc5 4. c3 Nf6 5. d4 exd4 6. e5 d5 7. Bb5 Ne4 8. cxd4
Bb4+ 9. Bd2 Bxd2+ 10. Nbxd2 Nxd2 11. Bxc6+ bxc6 12. Qxd2 O-O 13. O-O a5 14. Rfc1
Bd7 15. a4 Qb8 16. e6 Bxe6 17. Ne5 Ra6 18. Nxc6 Qb6 19. Rc5 Rfa8 20. Qc3 Kh8 21.
Ra3 Qb7 22. Nxa5 Qb6 23. b4 Rb8 24. Rb5 Qa7 25. Nc6 Rxc6 26. Rxb8+ Qxb8 27. Qxc6
h6 28. Qc5 c6 29. a5 Qe8 30. a6 Bc8 31. Re3 Qd7 32. a7 Bb7 33. Qf8+ Kh7 1-0

[Event "Druzynowe Mistrzostwa Polski Ekstraliga"]
[Site "Gorzow Wlkp. - Wroclaw - Katowice"]
[Date "1899-12-30"]
[Round "9.13"]
[White "Tomczak, Jacek"]
[Black "Kryvoruchko, Yuriy"]
[Result "1/2-1/2"]
[WhiteTitle "GM"]
[BlackTitle "GM"]
[WhiteElo "2615"]
[BlackElo "2714"]

1. e4 e5 2. Nf3 Nc6 3. Bb5 Nf6 4. d4 exd4 5. e5 Ne4 6. Qe2 Nc5 7. c3 Ne6 8. O-O
Bc5 9. Qe4 O-O 10. Bd3 g6 11. Bc4 d6 12. Bxe6 fxe6 13. Bg5 d5 14. Qg4 Be7 15.
Bxe7 Qxe7 16. cxd4 Bd7 17. Nc3 Rf7 18. Ne2 Raf8 19. Ng5 Rg7 20. a3 Nd8 21. Rfc1
h6 22. Nh3 Bb5 23. Nef4 Rf5 24. Rc3 Be8 25. Rac1 Nc6 26. Ne2 g5 27. f3 h5 28.
Qg3 g4 29. Nhf4 h4 30. Qf2 g3 31. Qe3 gxh2+ 32. Kxh2 Qg5 33. Rg1 Nd8 34. Nh3 Qxe3
35. Rxe3 Bb5 36. Nf2 1/2-1/2

[Event "Druzynowe Mistrzostwa Polski Ekstraliga"]
[Site "Gorzow Wlkp. - Wroclaw - Katowice"]
[Date "1899-12-30"]
[Round "9.14"]
[White "Piorun, Kacper"]
[Black "Czarnota, Pawel"]
[Result "1/2-1/2"]
[WhiteTitle "GM"]
[BlackTitle "GM"]
[WhiteElo "2638"]
[BlackElo "2561"]

1. e4 c5 2. Nc3 Nc6 3. g3 g6 4. Bg2 Bg7 5. d3 e6 6. Be3 d6 7. Qd2 Rb8 8. Nge2 Nd4
9. Rb1 Ne7 10. b4 O-O 11. O-O Bd7 12. f4 b6 13. Bf2 Qc7 14. Nxd4 cxd4 15. Ne2
e5 16. Rfc1 Rbc8 17. c3 dxc3 18. Rxc3 Qb8 19. d4 Bg4 20. Rxc8 Rxc8 21. fxe5 dxe5
22. d5 Qd6 23. Nc3 Bd7 24. a4 Rc4 25. Bf1 Rc7 26. a5 f5 27. Rc1 Nc8 28. Nb5 Bxb5
29. Bxb5 Bf8 30. Rxc7 Qxc7 31. axb6 axb6 32. exf5 Nd6 33. Bd3 e4 34. Be2 Nxf5
35. g4 1/2-1/2

[Event "Druzynowe Mistrzostwa Polski Ekstraliga"]
[Site "Gorzow Wlkp. - Wroclaw - Katowice"]
[Date "1899-12-30"]
[Round "9.15"]
[White "Olszewski, Michal"]
[Black "Krasenkow, Michal"]
[Result "0-1"]
[WhiteTitle "GM"]
[BlackTitle "GM"]
[WhiteElo "2551"]
[BlackElo "2627"]

1. e4 c5 2. Nf3 e6 3. d4 cxd4 4. Nxd4 Nf6 5. Nc3 Nc6 6. Ndb5 d6 7. Bf4 e5 8. Bg5
a6 9. Na3 b5 10. Nd5 Be7 11. Bxf6 Bxf6 12. c4 b4 13. Nc2 O-O 14. g3 Bg5 15. Bg2
a5 16. O-O Be6 17. Qd3 Qb8 18. f4 exf4 19. gxf4 Bh6 20. Kh1 Ra7 21. Nce3 Kh8 22.
Rac1 g6 23. c5 f5 24. cxd6 fxe4 25. Qc2 Bxd5 26. Nxd5 Nd4 27. Qxe4 Nf5 28. Rc7
Bg7 29. Rxa7 Qxa7 30. Qe6 Qa6 31. Re1 Qxd6 32. Qxd6 Nxd6 33. b3 Nb5 34. Re7 Rd8
35. h4 Nc3 36. Nb6 Bf6 37. Rf7 Bxh4 38. f5 Nxa2 39. fxg6 hxg6 40. Bd5 Rd6 41.
Rb7 Bd8 42. Rd7 Rxb6 43. Rxd8+ Kg7 44. Ra8 Rb5 45. Bc4 Rc5 46. Ra6 Nc3 47. Bd3
g5 48. Kh2 Re5 49. Rg6+ Kf7 50. Ra6 Ke7 51. Kg2 Nd5 52. Kf2 Nc7 53. Rb6 Ne6 54.
Bc4 Nd4 55. Ra6 Kd7 56. Rb6 Kc7 57. Rg6 Nc6 58. Rg8 Kd6 59. Ra8 Kc5 60. Ra6 Re7
61. Ra8 Kd4 62. Bb5 Ne5 63. Rxa5 Nd3+ 64. Bxd3 Kxd3 65. Rxg5 Kc2 66. Rg3 Rd7 67.
Ke2 Rd2+ 68. Ke1 Rd3 69. Rg8 Kxb3 70. Ke2 Rd5 0-1

[Event "Druzynowe Mistrzostwa Polski Ekstraliga"]
[Site "Gorzow Wlkp. - Wroclaw - Katowice"]
[Date "1899-12-30"]
[Round "9.16"]
[White "Heberla, Bartlomiej"]
[Black "Warakomski, Tomasz"]
[Result "1/2-1/2"]
[WhiteTitle "GM"]
[BlackTitle "GM"]
[WhiteElo "2580"]
[BlackElo "2511"]

1. d4 Nf6 2. Nf3 e6 3. c4 b6 4. a3 Bb7 5. Nc3 d5 6. cxd5 Nxd5 7. e3 Nd7 8. Bb5
a6 9. Bd3 c5 10. O-O cxd4 11. exd4 Nxc3 12. bxc3 Qc7 13. c4 Be7 14. Bb2 Bf6 15.
Re1 O-O 16. Qe2 Rfd8 17. Rac1 Nf8 18. Be4 Rac8 19. Red1 Bxe4 20. Qxe4 Nd7 21.
h4 h6 22. g3 Qc6 23. d5 Qb7 24. Rb1 Bxb2 25. Rxb2 Nf6 26. Qb1 exd5 27. Rxb6 Qe7
28. Rb7 Rc7 29. Rxc7 Qxc7 30. cxd5 Rxd5 31. Rxd5 Nxd5 32. Qd3 Qc6 33. Nd4 Qc1+
34. Kg2 Qc5 35. Nf5 a5 36. Kg1 Nf6 37. Qf3 Kh7 38. Qd3 g6 39. Ne3 Qc1+ 40. Kh2
Qc5 41. Qc4 Qa7 42. a4 h5 43. Kg1 Qd7 44. Qc3 Qd8 45. Qe5 Kg8 46. Qc3 Qb6 47.
Qc8+ 1/2-1/2

[Event "Druzynowe Mistrzostwa Polski Ekstraliga"]
[Site "Gorzow Wlkp. - Wroclaw - Katowice"]
[Date "1899-12-30"]
[Round "9.17"]
[White "Szelag, Marcin"]
[Black "Kanarek, Marcel"]
[Result "0-1"]
[WhiteTitle "IM"]
[BlackTitle "GM"]
[WhiteElo "2466"]
[BlackElo "2519"]

1. e4 c5 2. Nf3 Nc6 3. d4 cxd4 4. Nxd4 g6 5. c4 Nf6 6. Nc3 d6 7. Be2 Nxd4 8. Qxd4
Bg7 9. Be3 O-O 10. Qd2 a5 11. Rd1 a4 12. c5 Be6 13. cxd6 Qxd6 14. Qxd6 exd6 15.
a3 Rfd8 16. Bb6 Rd7 17. O-O Bb3 18. Rd2 Re7 19. f3 d5 20. Bc5 Re6 21. exd5 Nxd5
22. Nxd5 Bxd5 23. Bb5 Bb3 24. Bb4 Re5 25. Bd7 Rd8 26. g3 Bf8 27. Rff2 Bxb4 28.
axb4 Bc4 29. f4 Re1+ 30. Kg2 b5 31. g4 Re3 32. f5 Rd3 33. Rxd3 Bxd3 34. Bc6 gxf5
35. gxf5 Rd4 36. f6 Be4+ 37. Bxe4 Rxe4 38. Kf3 Rxb4 39. Rg2+ Kf8 40. Rd2 Ke8 41.
Re2+ Kd8 42. Re7 Rxb2 43. Rxf7 Ke8 44. Ra7 Rb4 45. Ke3 Rh4 46. Ra5 a3 47. Rxb5
Ra4 48. Rb1 a2 49. Ra1 Kf7 50. Kd3 Kxf6 51. Kc3 Kg5 52. Kb3 Ra7 53. Kb2 Kh4 54.
Rc1 a1=Q+ 55. Rxa1 Rxa1 56. Kxa1 Kh3 0-1

[Event "Druzynowe Mistrzostwa Polski Ekstraliga"]
[Site "Gorzow Wlkp. - Wroclaw - Katowice"]
[Date "1899-12-30"]
[Round "9.18"]
[White "Zawadzka, Beata"]
[Black "Warakomska, Anna"]
[Result "1/2-1/2"]
[WhiteTitle "WGM"]
[BlackTitle "WIM"]
[WhiteElo "2324"]
[BlackElo "2273"]

1. d4 d5 2. c4 c6 3. cxd5 cxd5 4. Nc3 Nf6 5. Bf4 Nc6 6. e3 Bf5 7. Nf3 e6 8. Qb3
Bb4 9. Ne5 Qb6 10. Nxc6 bxc6 11. Be2 O-O 12. O-O Bxc3 13. Qxc3 g5 14. Bg3 Ne4
15. Qa3 a5 16. Rfc1 Rfc8 17. f3 Nxg3 18. hxg3 Rab8 19. b3 Qb4 20. Qxb4 axb4 21.
g4 Bg6 22. a4 bxa3 23. Rxa3 Rb6 24. Rc3 Kf8 25. Ra5 Ke7 26. Bb5 Kd6 27. Ba4 f6
28. Kf2 e5 29. Rc1 exd4 30. exd4 Rb4 31. Ke3 Re8+ 32. Ke4 Ke5+ 1/2-1/2

[Event "Druzynowe Mistrzostwa Polski Ekstraliga"]
[Site "Gorzow Wlkp. - Wroclaw - Katowice"]
[Date "1899-12-30"]
[Round "9.19"]
[White "Nasuta, Grzegorz"]
[Black "Gmaj, Krzysztof"]
[Result "1-0"]
[WhiteTitle "IM"]
[BlackTitle "k"]
[WhiteElo "2454"]
[BlackElo "2135"]

1. e4 e6 2. d4 d5 3. Nc3 Nf6 4. e5 Nfd7 5. Nf3 c5 6. dxc5 Nc6 7. Bf4 Nxc5 8. Qd2
a6 9. a3 b5 10. b4 Nd7 11. Bd3 Be7 12. Qe3 Nb6 13. Ne2 Bb7 14. O-O Nc4 15. Bxc4
dxc4 16. Ng3 O-O 17. Nh5 Kh8 18. Rad1 Qc7 19. Nf6 gxf6 20. exf6 e5 21. Nxe5 Nxe5
22. Bxe5 Bd6 23. Bxd6 Qc6 24. f3 Rg8 25. Be7 Rg6 26. Rd8+ Rxd8 27. Bxd8 Qd7 28.
Be7 Qf5 29. Qe2 h5 30. Bd6 Kh7 31. Qe7 Bd5 32. Qe5 Qxc2 33. Qxh5+ Kg8 34. Bg3
Qd2 35. Re1 Qh6 36. Qxd5 1-0

[Event "Druzynowe Mistrzostwa Polski Ekstraliga"]
[Site "Gorzow Wlkp. - Wroclaw - Katowice"]
[Date "1899-12-30"]
[Round "9.20"]
[White "Dziuba, Marcin"]
[Black "Ponizil, Cyril"]
[Result "0-1"]
[WhiteTitle "GM"]
[BlackTitle "IM"]
[WhiteElo "2556"]
[BlackElo "2478"]

1. d4 Nf6 2. c4 e6 3. g3 d5 4. Nf3 dxc4 5. Bg2 Nc6 6. O-O Rb8 7. e3 b5 8. b3 cxb3
9. axb3 Bb7 10. Qe2 a6 11. Bb2 Nb4 12. Rc1 Be7 13. Na3 O-O 14. Nc2 Nd7 15. Nxb4
Bxb4 16. Ne1 Bxe1 17. Qxe1 Bxg2 18. Kxg2 Rb6 19. Qe2 e5 20. Qf3 Re8 21. Rc2 exd4
22. Bxd4 c5 23. Bxc5 Rf6 24. Qd5 Re5 25. Qd4 Qa8+ 26. Kg1 Rd5 27. Qb4 Rc6 28.
Rac1 Qc8 29. Qe4 Rdxc5 30. Rxc5 Rxc5 31. Rd1 Rc1 32. Rxc1 Qxc1+ 33. Kg2 Nf8 0-1

[Event "Druzynowe Mistrzostwa Polski Ekstraliga"]
[Site "Gorzow Wlkp. - Wroclaw - Katowice"]
[Date "1899-12-30"]
[Round "9.21"]
[White "Piesik, Piotr"]
[Black "Pakleza, Zbigniew"]
[Result "0-1"]
[WhiteTitle "FM"]
[BlackTitle "GM"]
[WhiteElo "2337"]
[BlackElo "2480"]

1. d4 c5 2. d5 e6 3. Nc3 Nf6 4. e4 d6 5. Nf3 exd5 6. exd5 Be7 7. Be2 O-O 8. O-O
Na6 9. Bxa6 bxa6 10. Re1 Re8 11. Nd2 Nd7 12. Nc4 Nb6 13. Na5 Bf5 14. Bf4 Qd7 15.
Qd2 Bf6 16. Rxe8+ Rxe8 17. Rd1 h6 18. h3 Bg6 19. Kh2 Bh5 20. g4 Bg6 21. Bg3 h5
22. gxh5 Bxh5 23. Re1 Rxe1 24. Qxe1 Bg6 25. Ne4 Bxb2 26. Nxd6 Nxd5 27. Nab7 Bd4
28. Qa5 Qe7 29. Nxc5 Bxf2 30. Bxf2 Qxd6+ 31. Bg3 Qe7 32. Nd3 Qe2+ 33. Nf2 Ne3
34. Qd8+ Kh7 35. Qh4+ Bh5 36. a4 g5 37. Qd4 Nf1+ 38. Kg2 Bf3+ 39. Kg1 Nxg3 0-1

[Event "Druzynowe Mistrzostwa Polski Ekstraliga"]
[Site "Gorzow Wlkp. - Wroclaw - Katowice"]
[Date "1899-12-30"]
[Round "9.22"]
[White "Jakubiec, Artur"]
[Black "Paszewski, Mateusz"]
[Result "0-1"]
[WhiteTitle "GM"]
[BlackTitle "FM"]
[WhiteElo "2500"]
[BlackElo "2327"]

1. f4 d5 2. Nf3 Nf6 3. g3 g6 4. Bg2 Bg7 5. O-O O-O 6. d3 Nc6 7. e3 Qd6 8. Nc3 e5
9. h3 Re8 10. g4 exf4 11. exf4 d4 12. Nb5 Qd8 13. Re1 Rxe1+ 14. Qxe1 a6 15. Na3
Be6 16. Bd2 Qd7 17. Qh4 Re8 18. Re1 b5 19. Ng5 Bxa2 20. b3 Bf8 21. Ra1 Bxa3 22.
Rxa2 Qd6 23. Qf2 b4 24. Ra1 Nd8 25. f5 Bb2 26. Rf1 Rf8 27. Qh4 Bc3 28. Bf4 Qc5
29. Kh1 a5 30. Qh6 Qe7 31. Be4 c5 32. Qh4 Re8 33. Bc1 c4 34. Bf4 cxb3 35. cxb3
a4 36. bxa4 b3 37. Qg3 b2 38. Bd6 Nxe4 39. Nxe4 Qb7 40. Qg1 Rxe4 41. dxe4 Qxe4+
42. Kh2 Qc2+ 43. Kg3 Qd3+ 44. Kh4 Bd2 45. Qh1 h6 46. Be7 Ne6 47. Qa8+ Kg7 0-1

[Event "Druzynowe Mistrzostwa Polski Ekstraliga"]
[Site "Gorzow Wlkp. - Wroclaw - Katowice"]
[Date "1899-12-30"]
[Round "9.23"]
[White "Ciesla, Adam"]
[Black "Weichhold, Pawel"]
[Result "0-1"]
[WhiteTitle "m"]
[BlackTitle "IM"]
[WhiteElo "2278"]
[BlackElo "2428"]

1. e4 c5 2. Nc3 Nc6 3. Nf3 g6 4. d4 cxd4 5. Nxd4 Bg7 6. Be3 Nf6 7. Bc4 O-O 8. Bb3
d6 9. f3 Bd7 10. Qd2 Rc8 11. O-O-O Nxd4 12. Bxd4 b5 13. Nd5 Nxd5 14. Bxg7 Kxg7
15. Bxd5 a5 16. a3 Qc7 17. h4 h6 18. g3 b4 19. h5 g5 20. f4 bxa3 21. fxg5 axb2+
22. Kb1 Qc5 23. gxh6+ Kh7 24. Qd3 Bb5 25. Qb3 Bc4 26. Qa4 Bb5 27. Qb3 a4 28. Qxb2
e5 29. Bxf7 Be2 30. Rd5 Qc7 31. Bg6+ Kh8 32. Ka1 Rb8 33. Qa3 Rf3 34. Rd3 Bxd3
35. cxd3 Qc4 36. Rc1 Qd4+ 37. Rc3 Rf1+ 38. Ka2 Qf2+ 0-1

[Event "Druzynowe Mistrzostwa Polski Ekstraliga"]
[Site "Gorzow Wlkp. - Wroclaw - Katowice"]
[Date "1899-12-30"]
[Round "9.24"]
[White "Jakubiec, Edyta"]
[Black "Lach, Aleksandra"]
[Result "1/2-1/2"]
[WhiteTitle "WIM"]
[BlackTitle "WIM"]
[WhiteElo "2233"]
[BlackElo "2224"]

1. e4 c6 2. d4 d5 3. Nc3 g6 4. Nf3 Bg7 5. exd5 cxd5 6. Bb5+ Nc6 7. Ne5 Bxe5 8.
dxe5 d4 9. Bxc6+ bxc6 10. Ne2 Qa5+ 11. Qd2 Qxe5 12. Qxd4 Qxd4 13. Nxd4 Ba6 14.
Nb3 Nf6 15. Bd2 Ne4 16. Be3 f6 17. O-O-O Nd6 18. Rhe1 Kf7 19. Bc5 Rhd8 20. Na5
Rac8 21. Bxa7 c5 22. Nb3 c4 23. Nc5 Rc6 24. Ne6 Re8 25. f3 Bc8 26. Nf4 Ra6 27.
Bc5 c3 28. Bxd6 Rxa2 29. bxc3 exd6 30. Rxe8 Kxe8 31. Rxd6 Bf5 32. Rd2 g5 33. Nd5
Kf7 34. Nb4 Ra1+ 35. Kb2 Rh1 36. h3 Rh2 37. Kc1 Be6 38. Kd1 h5 39. Ke1 h4 40.
Rf2 Bc4 41. Nd3 Kg6 42. Kf1 Rh1+ 43. Ke2 Rg1 44. Ke3 Kf5 45. Re2 Ra1 46. Rd2 Bf7
47. Nf2 Re1+ 48. Re2 Ra1 49. Ne4 Ke5 50. Kf2 Bc4 51. Re1 Ra2 52. Nxg5+ Kf5 53.
Ne4 Rxc2+ 54. Kg1 Bd5 55. c4 Bxc4 56. Nd6+ Kg5 57. Re4 Bd3 58. Rg4+ Kh5 59. Ne8
Rc1+ 60. Kh2 Rc6 61. Rd4 Bg6 62. Nd6 f5 63. f4 Rc5 64. Nc4 Bf7 65. Ne5 Rc7 66.
Rd8 Bg6 67. Rf8 Bh7 68. Rf6 Rb7 69. Nf7 Bg6 70. Ne5 Bh7 71. Nf3 Rb4 72. Rf7 Kg6
73. Ne5+ Kh6 74. Rf6+ 1/2-1/2